Normal view
MARC view
Entry Personal Name
001 - CONTROL NUMBER
- control field: 84493
003 - CONTROL NUMBER IDENTIFIER
- control field: dpl
005 - DATE AND TIME OF LATEST TRANSACTION
- control field: 20250902143713.0
008 - FIXED-LENGTH DATA ELEMENTS
- fixed length control field: 250902|| aca||aabn | a|a d
040 ## - CATALOGING SOURCE
- Original cataloging agency: dpl
- Transcribing agency: dpl
100 ## - HEADING--PERSONAL NAME
- Personal name: वीरेंद्र सिंह
670 ## - SOURCE DATA FOUND
- Source citation: Work cat.: (dpl)209978: पं. रामप्रसाद 'बिस्मिल' 84492, मै क्रांन्तिकारी कैसे बना/, 2024
